000 00407 a2200145 4500
001 152576
040 _cEscola São Tomás de Aquino
100 _aSOUZA, Loly Amaro
240 1 0 _aA história de Bartolomeo Cristofori e o primeiro piano
_lpor
245 1 0 _aA história de Bartolomeo Cristofori e o primeiro piano
362 0 _a2002
440 1 _aDuna Dueto
697 _a*LITERATURA INFANTO
942 _cBK
999 _c152576
_d152576